00530 2200193 4500001002100000005001500021035002000036008004100056245009500097100001300192260003600205300001200241084001400253082000800267650001500275020002200290250000600312990001800318INLIS00000000000035820240813102829 a0010-0724000358240813 0 ind 1 aEnsiklopedi Singkat Sejagat :bTanggung Jawab, Disiplin, Jujur itu keren! /cMiranda Smith aM.S Arum aBandung :bCarya Remadja,c1993 a378 hlm a031 ARU e a031 4aKarya Umum a978-979-3535-41-8 a1 aP29/CP/24/358